• 首页
  • 本馆介绍
  • 公告通知
  • 最新文献
  • 馆藏检索
  • 电子资源
  • 读者导购
  • 参考咨询
  • 我的图书馆
  • 登录
  • 详细信息显示
  • 放入我的书架
  • 预约/预借图书
  • 作者相关作品
  • 分类相关作品
  • 丛书相关作品
  • 出版社相关作品

书目信息

  • 表格格式
  • 工作单格式
  • 卡片格式
题名:
图解核桃良种良法
    
 
作者: 郝艳宾 , 齐建勋 主编
分册:  
出版信息: 北京   科学技术文献出版社  2013.03
页数: 135页
开本: 21cm
丛书名: 果树科学种植大讲堂
单 册:
中图分类: S664.1-64
科图分类:
主题词: 核桃--果树园艺--图解 , 核桃 , 果树园艺
电子资源:
ISBN: 978-7-5023-7691-8
000 00971oam2 2200301 450
001 010050026389
005 20140609084504.46
010    @a978-7-5023-7691-8@dCNY28.00
100    @a20130329d2013 em y0chiy50 ea
101 0  @achi
102    @aCN@b110000
105    @aak z 000yy
106    @ar
200 1  @a图解核桃良种良法@9tu jie he tao liang zhong liang fa@f郝艳宾,齐建勋主编
210    @a北京@c科学技术文献出版社@d2013.03
215    @a135页@d21cm
225 2  @a果树科学种植大讲堂
330    @a本书共分为八章,主要内容包括:概述;种类与优良品种;苗木繁育与高接换优技术;优质丰产园的建立;土肥水管理;整形修剪;花果管理等。
333    @a核桃种植人员
461  0 @12001 @a果树科学种植大讲堂
606 0  @a核桃@x果树园艺@j图解
606 0  @a核桃
606 0  @a果树园艺
690    @aS664.1-64@v5
701  0 @a郝艳宾@9hao yan bin@4主编
701  0 @a齐建勋@9qi jian xun@4主编
801  0 @aCN@b人天书店@c20130329
905    @b548524-27@dS664.1-64@e275@f4
    
    图解核桃良种良法/郝艳宾,齐建勋主编.-北京:科学技术文献出版社,2013.03
    135页;21cm.-(果树科学种植大讲堂)
    使用对象:核桃种植人员
    
    ISBN 978-7-5023-7691-8:CNY28.00
    本书共分为八章,主要内容包括:概述;种类与优良品种;苗木繁育与高接换优技术;优质丰产园的建立;土肥水管理;整形修剪;花果管理等。
●
相关链接 在E读中查询图书 在五车中查询图书 在当当中查询图书 在豆瓣中查询图书


正题名:图解核桃良种良法     索取号:S664.1-64/275         预约/预借

序号 登录号 条形码 馆藏地/架位号 状态 备注
1 548524   205485241   第二样本阅览室/ [索取号:S664.1-64/275] 在馆    
2 548525   205485250   密集书库-生命科学系/ [索取号:S664.1-64/275] 在馆    
3 548526   205485269   第三借阅区/ [索取号:S664.1-64/275] 在馆    
4 548527   205485278   第三借阅区/ [索取号:S664.1-64/275] 在馆    
唐山师范学院图书馆 欢迎您!
大连网信软件有限公司© 版权所有